Normal view
MARC view
- James C.Y Guo
Entry Personal Name
001 - CONTROL NUMBER
- control field: 122651
003 - CONTROL NUMBER IDENTIFIER
- control field: NUST
005 - DATE AND TIME OF LATEST TRANSACTION
- control field: 20240514145847.0
008 - FIXED-LENGTH DATA ELEMENTS
- fixed length control field: 240514|| aca||aabn | a|a d
040 ## - CATALOGING SOURCE
- Original cataloging agency: NUST
- Transcribing agency: NUST
100 ## - HEADING--PERSONAL NAME
- Personal name: James C.Y Guo
670 ## - SOURCE DATA FOUND
- Source citation: Work cat.: (NUST): James C.Y Guo, Urban Drainage and storage Practices .
